000 00457nam a2200193Ia 4500
005 20240913125805.0
008 240913s9999||||xx |||||||||||||| ||und||
020 _a978-93-81052-67-9
041 _aENGLISH
082 _A822.33 Q2
100 _aRira Sachdev
245 2 _aA Critical Study of Shakespeares Comedy
250 _a1st
260 _c2012
_bWisdom
500 _aREFERENCE
650 _aGeneral
_bGeneral
942 _cREF
999 _c246277
_d246277